Fantasmas de día / (Registro nro. 8353)

Detalles MARC
000 -LIDER
fixed length control field 00939nam a22003137a 4500
001 - NÚMERO DE CONTROL
Identificador de número de control 033
003 - IDENTIFICACDOR DE NÚMERO DE CONTROL
control field DO-SdBNP
005 - DATE AND TIME OF LATEST TRANSACTION
control field 20180220151030.0
007 - CAMPOS FIJOS DE DESCRIPCIÓN FÍSICA
fixed length control field 033
008 - ELEMENTOS DE LONGITUD FIJA
fixed length control field 151005b 1993 sp a 00| 0 spa d
020 ## - ISBN
International Standard Book Number 8434822091
040 ## - FUENTE DE CATALOGACIÓN
Agencia que crea de manera original el registro BPMSU
Idioma de catalogación spa
Agencia que realiza la transcripción BPMSU
092 ## - LOCALLY ASSIGNED DEWEY DECIMAL CALL NUMBER
Número de clasificación XXXX
Número de ítem (Cutter) XXXX
100 1# - ASIENTO PRINCIPAL -- NOMBRE PERSONAL
Nombre personal Baquedano, Lucía
245 10 - MENCIÓN DE TITULO
Título Fantasmas de día /
Mención de responsabilidad Lucía Baquedano ; ilustración Tino Gatagán ; dirección de la colección Marinella Terzi
250 ## - MENCIÓN DE EDICION
Mención de edición 10a. ed.
260 ## - PUBLICACIÓN, DISTRIBUCIÓN, ETC. (PIE DE IMPRENTA)
Lugar de publicación, distribución, etc Madrid :
Nombre del editor, distribuidor, etc. Ediciones SM,
Fecha de publicación, distribución, etc 1993.
300 ## - DESCRIPCIÓN FÍSICA
Extensión 93 p. :
Otros detalles físicos il. ;
Dimensiones 19 cm.
490 1# - MENCIÓN DE SERIES
Mención de serie El barco de vapor
-- Serie Naranja
Volume/sequential designation 44
521 1# - TARGET AUDIENCE NOTE
Target audience note A partir de los 9 años
586 ## - AWARDS NOTE
Awards note Premio El barco de vapor, 1986
700 12 - ASIENTO SECUNDARIO -- NOMBRE PERSONAL
Nombre personal Gatagán, Tino
Mención de responsabilidad il.
700 12 - ASIENTO SECUNDARIO -- NOMBRE PERSONAL
Nombre personal Terzi, Marinella
Mención de responsabilidad dir. colección
830 #0 - ASIENTO SECUNDARIO DE SERIE--TÍTULO UNIFORME
Título uniforme Barco de vapor
Número de la parte o sección de una obra 44
Nombre de la parte o sección de una obra Serie Naranja
910 ## - VALIDACIÓN
Validación 202
942 ## - ADDED ENTRY ELEMENTS (KOHA)
Source of classification or shelving scheme Dewey Decimal Classification
Koha item type Libros
945 ## - INFORMACIÓN DE PROCESAMIENTO LOCAL
Información de procesamiento local Inventariado, 2018/ YL
956 ## - LOCAL ELECTRONIC LOCATION AND ACCESS (OCLC)
Nombre de host YLOCKWARD
Número de acceso 10
Información de compresión BPMSU
Existencias
Withdrawn status Lost status Source of classification or shelving scheme Damaged status Not for loan Collection code Home library Current library Date acquired Source of acquisition Total Checkouts Barcode Date last seen Price effective from Koha item type
    Dewey Decimal Classification     Colección Infantil General Biblioteca Pública Metropolitana Salomé Ureña Biblioteca Pública Metropolitana Salomé Ureña 10/09/2015 Donación   BPMSU15100075 10/09/2015 10/09/2015 Libros